| 000 | 00656nam a2200217 a 4500 | ||
|---|---|---|---|
| 005 | 20140310183310.0 | ||
| 008 | 050913s19uu xx 00 eng d | ||
| 020 | _a1412906717 | ||
| 050 |
_aPN 4784.T4 _b.Sch35 2005 |
||
| 100 | _aSchultz, Brad | ||
| 245 |
_aBroadcast news producing / _cBrad Schultz |
||
| 260 |
_aThousands Oaks, London : _bSage Publications, _c2005. |
||
| 300 |
_a217 p. : _bill. ; _c25 cm. |
||
| 521 | _aMC | ||
| 650 | _aTelevision broadcasting of news. | ||
| 650 |
_aTelevision _xProduction and direction. |
||
| 650 | _aRadio journalism. | ||
| 650 |
_aRadio _xProduction and direction. |
||
| 942 |
_cBK _2lcc _kFOR |
||
| 999 |
_c21151 _d21151 |
||